000 00435nam a2200121Ia 4500
005 20251206144428.0
008 251206s9999 xx 000 0 und d
082 _a595.62
_bMUT
100 _aமுத்துக்குமாரசாமி, ந.
245 0 _aஆர்த்ரோபோடா
260 _aசென்னை :
_bதமிழ்நாட்டுப் பாடநூல் நிறுவனம்
942 _cREF
999 _c601241
_d601241